Supreme Court reports : (Record no. 9366)

MARC details
000 -LEADER
fixed length control field 01043nam a22001937a 4500
003 - CONTROL NUMBER IDENTIFIER
control field OSt
005 - DATE AND TIME OF LATEST TRANSACTION
control field 20260413012852.0
008 - FIXED-LENGTH DATA ELEMENTS--GENERAL INFORMATION
fixed length control field 260413b |||||||| |||| 00| 0 eng d
020 ## - INTERNATIONAL STANDARD BOOK NUMBER
International Standard Book Number 971-16-0092-7
040 ## - CATALOGING SOURCE
Original cataloging agency DWC-Main lib.
Transcribing agency OC
082 ## - DEWEY DECIMAL CLASSIFICATION NUMBER
Classification number Fil. 348.044 Su959
110 ## - MAIN ENTRY--CORPORATE NAME
Corporate name or jurisdiction name as entry element EDITORIAL STAFF OF THE CENTRAL LAWBOOK PUBLISHING CO., INC
245 ## - TITLE STATEMENT
Title Supreme Court reports :
Remainder of title annotated/
Statement of responsibility, etc. EDITORIAL STAFF OF THE CENTRAL LAWBOOK PUBLISHING CO., INC
260 ## - PUBLICATION, DISTRIBUTION, ETC.
Place of publication, distribution, etc. Manila, Philippines :
Name of publisher, distributor, etc. Central Lawbook Publishing Company, Inc.
501 ## - WITH NOTE
With note volume 161 to 170
504 ## - BIBLIOGRAPHY, ETC. NOTE
Bibliography, etc. note v.161 - May 2 to May 31, 1988<br/>v.162 - June 1 to June 28, 1988<br/>v.163 - June 29 to July 29, 1988<br/>v.164 - August 3 to August 29, 1988<br/>v.165 - August 30 to September 26, 1988<br/>v.166 - September 27 to October 1988<br/>v.167 - November 7 to November 24, 1988<br/>v.168 - November 28 to December 29, 1988<br/>v.169 - January 2 to January 31, 19889<br/>v.170 - February 1 to 28, 1989
650 ## - SUBJECT ADDED ENTRY--TOPICAL TERM
Topical term or geographic name entry element 1. Law reports, digests, etc.--- Philippines.
942 ## - ADDED ENTRY ELEMENTS (KOHA)
Source of classification or shelving scheme Dewey Decimal Classification
Koha item type Book-Filipiniana
Classification part Fil.
Suppress in OPAC No
952 ## - LOCATION AND ITEM INFORMATION (KOHA)
--
952 ## - LOCATION AND ITEM INFORMATION (KOHA)
--
952 ## - LOCATION AND ITEM INFORMATION (KOHA)
--
952 ## - LOCATION AND ITEM INFORMATION (KOHA)
--
952 ## - LOCATION AND ITEM INFORMATION (KOHA)
--
952 ## - LOCATION AND ITEM INFORMATION (KOHA)
--
952 ## - LOCATION AND ITEM INFORMATION (KOHA)
--
952 ## - LOCATION AND ITEM INFORMATION (KOHA)
--
952 ## - LOCATION AND ITEM INFORMATION (KOHA)
--
952 ## - LOCATION AND ITEM INFORMATION (KOHA)
--
Holdings
Withdrawn status Lost status Source of classification or shelving scheme Damaged status Not for loan Home library Current library Shelving location Date acquired Source of acquisition Total Checkouts Full call number Barcode Date last seen Copy number Price effective from Koha item type Uniform Resource Identifier
    Dewey Decimal Classification     College Library College Library Filipiniana 03/08/2006 SF   Fil. 348.044 Su959 CL43032 04/13/2026 c1 04/13/2026 BK - FIL
    Dewey Decimal Classification     College Library College Library Filipiniana 03/08/2006 SF   Fil. 348.044 Su959 43033 04/13/2026 c2 04/13/2026 BK - FIL
    Dewey Decimal Classification     College Library College Library Filipiniana 03/08/2006 SF   Fil. 348.044 Su959 43034 04/13/2026 c3 04/13/2026 BK - FIL
    Dewey Decimal Classification     College Library College Library Filipiniana 03/08/2006 SF   Fil. 348.044 Su959 43035 04/13/2026 c4 04/13/2026 BK - FIL
    Dewey Decimal Classification     College Library College Library Filipiniana 03/08/2006 SF   Fil. 348.044 Su959 43036 04/13/2026 c5 04/13/2026 BK - FIL
    Dewey Decimal Classification     College Library College Library Filipiniana 03/08/2006 SF   Fil. 348.044 Su959 43037 04/13/2026 c6 04/13/2026 BK - FIL
    Dewey Decimal Classification     College Library College Library Filipiniana 03/08/2006 SF   Fil. 348.044 Su959 43038 04/13/2026 c7 04/13/2026 BK - FIL
    Dewey Decimal Classification     College Library College Library Filipiniana 03/08/2006 SF   Fil. 348.044 Su959 43039 04/13/2026 c8 04/13/2026 BK - FIL
    Dewey Decimal Classification     College Library College Library Filipiniana 03/08/2006 SF   Fil. 348.044 Su959 43040 04/13/2026 c9 04/13/2026 BK - FIL
    Dewey Decimal Classification     College Library College Library Filipiniana 03/08/2006 SF   Fil. 348.044 Su959 43041 04/13/2026 c10 04/13/2026 BK - FIL